| 000 | 00730nam a22002297a 4500 | ||
|---|---|---|---|
| 999 |
_c10447 _d10447 |
||
| 003 | AR-CdUCM | ||
| 008 | 190401b ||||| |||| 00| 0 spa d | ||
| 040 |
_aMUNICIPALIDAD PROVINCIAL DEL CUSCO _cBIBLIOTECA MUNICIPAL DEL CUSCO |
||
| 082 |
_a936.13 / _bM26 / 1848 |
||
| 100 |
_aPadre Mariana _927307 |
||
| 245 | _aHistoria general de España / | ||
| 260 |
_aMadrid : _bImprenta y Libreria de Gaspar y Roig, _c1848. |
||
| 300 |
_a5 tomos ; _bilustraciones, graficos, dibujos, _c27 cm. |
||
| 505 | _aContenido: tomo I. II. III. IV. V. | ||
| 650 |
_aHistoria _9136 |
||
| 650 |
_aEspaña _9176 |
||
| 650 |
_aLiteratura _983 |
||
| 650 |
_aInicios _927308 |
||
| 700 |
_aChao, Eduardo _927309 |
||
| 942 |
_2ddc _cLIBROS |
||
| 945 | _apjha | ||